| 000 | 00446nam a22001697a 4500 | ||
|---|---|---|---|
| 005 | 20200518115900.0 | ||
| 008 | 200518b xxu||||| |||| 00| 0 eng d | ||
| 020 | _a9788125600756 | ||
| 041 | _aeng | ||
| 082 | _a614.35 AGA | ||
| 100 |
_aAGARWAL Dr. S.P _95462 |
||
| 245 | _aPharmaceutical Jurisprudence and Ethics ( Forenisic Pharmacy) | ||
| 260 |
_aDelhi _bBirla Publication _c2020 |
||
| 300 | _a273 | ||
| 650 |
_aPharmacy _95503 |
||
| 942 | _cBK | ||
| 999 |
_c6269 _d6267 |
||